| 000 | 00583nam a2200193Ia 4500 | ||
|---|---|---|---|
| 003 | GCL | ||
| 008 | 140319s9999 xx 000 0 ara d | ||
| 040 |
_aGCL / _cGCL |
||
| 082 | 0 | 4 |
_a415 _bم ق |
| 100 | 1 | _aمبارك مبارك | |
| 245 | 1 | 0 |
_aقواعد اللغة العربية / _cمبارك مبارك |
| 260 |
_a[S.N] : _bالشركة العالمية للكتاب ش م ل ، _c1987 |
||
| 300 | _a306 ص | ||
| 490 | _a | ||
| 650 | 0 | 4 | _aاللغة العربية |
| 650 | 0 | 4 | _aالنحو العربى |
| 650 | 0 | 4 | _aقواعد اللغة العربية |
| 942 |
_2ddc _cBK |
||
| 999 |
_c49639 _d49639 |
||